Từ điển Anh Việt bằng hình cho trẻ em
Spremljeno u:
| Glavni autor: | |
|---|---|
| Format: | Knjiga |
| Izdano: |
Hà Nội
Phụ nữ
1998
|
| Teme: | |
| Oznake: |
Dodaj oznaku
Bez oznaka, Budi prvi tko označuje ovaj zapis!
|
| Thư viện lưu trữ: | Trung tâm Học liệu Lê Vũ Hùng, Trường Đại học Đồng Tháp |
|---|
| LEADER | 00745pam a22002418a 4500 | ||
|---|---|---|---|
| 001 | 00028094 | ||
| 005 | 20210310090323.0 | ||
| 008 | 120107s1998 ||||||Viesd | ||
| 020 | # | # | |c 38500 |
| 041 | 0 | # | |a Vie |
| 082 | 1 | 4 | |a 423 |b T550Đ |
| 100 | 1 | # | |a Phạm, Cao Hoàn |
| 245 | 1 | 0 | |a Từ điển Anh Việt bằng hình cho trẻ em |c Phạm Cao Hoàn |
| 260 | # | # | |a Hà Nội |b Phụ nữ |c 1998 |
| 300 | # | # | |a 64p. |b ill.27cm. |
| 653 | # | # | |a Tiếng Anh |
| 653 | # | # | |a Tiếng Việt |
| 653 | # | # | |a Trẻ em |
| 653 | # | # | |a Từ điển bằng hình |
| 852 | # | # | |b Kho đọc |j KD.0012449 |
| 852 | # | # | |j KD.0012449 |
| 910 | # | # | |d 07/01/2012 |
| 980 | # | # | |a Trung tâm Học liệu Lê Vũ Hùng, Trường Đại học Đồng Tháp |